| 000 | 00587nam a2200205 a 4500 | ||
|---|---|---|---|
| 001 | 400 | ||
| 003 | CDMR | ||
| 005 | 20131018174735.0 | ||
| 008 | 130130s1987||||||||||||||||||||||||||||d | ||
| 040 |
_aCDMR _bcat _cCDMR |
||
| 100 | 1 |
_aNieto, Alfonso _9279 |
|
| 245 | 1 | 0 |
_aCartas a un empresario de la información _cAlfonso Nieto |
| 260 |
_aPamplona _c1987 _bAlfonso Nieto |
||
| 300 | _a115 p. | ||
| 490 | 0 | _aCiencias de la Información | |
| 650 | 0 | 4 |
_91465 _aEmpresa informativa |
| 650 | 0 | 4 |
_9311 _aEmpreses periodístiques |
| 650 | 0 | 4 |
_9405 _aMitjans de comunicació de massa |
| 942 |
_cMON _2udc |
||
| 999 |
_c400 _d400 |
||